[Event "ODJM B 2023"]
[Site "Willingen GER"]
[Date "2023.05.29"]
[Round "3"]
[White "Hepp, Daniel"]
[Black "Brandt, Clara"]
[Result "1-0"]
[Termination "normal"]
[Board "35"]
[WhiteElo "1442"]
[BlackElo "1254"]
[WhiteClock "00:38:51"]
[BlackClock "00:10:46"]
[PlyCount "51"]
[WhiteFideId "34608567"]
[BlackFideId "34614737"]
[EventCountry "GER"]
[EventRounds "9"]
[EventType "swiss"]
[EventDate "2023.05.27"]

1. d4 {[%clk 01:30:59]} Nf6 {[%clk 01:30:54]} {[%emt 00:00:07]} 2. e3 {[%clk
01:31:16]} {[%emt 00:00:12]} g6 {[%clk 01:31:14]} {[%emt 00:00:11]} 3. Bd3
{[%clk 01:31:33]} {[%emt 00:00:13]} Bg7 {[%clk 01:31:26]} {[%emt 00:00:17]} 4.
Nd2 {[%clk 01:31:46]} {[%emt 00:00:17]} O-O {[%clk 01:30:55]} {[%emt 00:01:02]}
5. f4 {[%clk 01:32:00]} {[%emt 00:00:16]} d6 {[%clk 01:31:05]} {[%emt
00:00:19]} 6. Ngf3 {[%clk 01:31:42]} {[%emt 00:00:48]} Nbd7 {[%clk 01:30:57]}
{[%emt 00:00:39]} 7. O-O {[%clk 01:31:24]} {[%emt 00:00:47]} e5 {[%clk
01:30:14]} {[%emt 00:01:13]} 8. fxe5 {[%clk 01:28:52]} {[%emt 00:03:02]} dxe5
{[%clk 01:30:09]} {[%emt 00:00:34]} 9. c3 {[%clk 01:27:40]} {[%emt 00:01:43]}
Qe7 {[%clk 01:28:19]} {[%emt 00:02:20]} 10. e4 {[%clk 01:25:17]} {[%emt
00:02:53]} b6 {[%clk 01:21:42]} {[%emt 00:07:07]} 11. d5 {[%clk 01:20:52]}
{[%emt 00:04:55]} Bb7 {[%clk 01:10:55]} {[%emt 00:11:17]} 12. Nb3 {[%clk
01:08:07]} {[%emt 00:13:14]} c6 {[%clk 01:03:15]} {[%emt 00:08:11]} 13. c4
{[%clk 00:58:56]} {[%emt 00:09:41]} a6 {[%clk 00:57:37]} {[%emt 00:06:09]} 14.
Bg5 {[%clk 00:56:11]} {[%emt 00:03:14]} h6 {[%clk 00:43:20]} {[%emt 00:14:47]}
15. Bh4 {[%clk 00:54:56]} {[%emt 00:01:46]} g5 {[%clk 00:41:39]} {[%emt
00:02:09]} 16. Bf2 {[%clk 00:52:29]} {[%emt 00:02:57]} Ng4 {[%clk 00:38:33]}
{[%emt 00:03:36]} 17. Nh4 {[%clk 00:46:37]} {[%emt 00:06:23]} Ne3 {[%clk
00:27:45]} {[%emt 00:11:17]} 18. Bxe3 {[%clk 00:44:35]} {[%emt 00:02:32]} gxh4
{[%clk 00:27:31]} {[%emt 00:00:44]} 19. Qh5 {[%clk 00:43:19]} {[%emt 00:01:47]}
Kh7 {[%clk 00:25:13]} {[%emt 00:02:48]} 20. Rf3 {[%clk 00:41:53]} {[%emt
00:01:56]} cxd5 {[%clk 00:23:40]} {[%emt 00:02:03]} 21. cxd5 {[%clk 00:40:03]}
{[%emt 00:02:21]} Bc8 {[%clk 00:21:48]} {[%emt 00:02:21]} 22. Raf1 {[%clk
00:38:48]} {[%emt 00:01:44]} Nf6 {[%clk 00:18:41]} {[%emt 00:03:38]} 23. Rxf6
{[%clk 00:37:44]} {[%emt 00:01:34]} Bxf6 {[%clk 00:17:28]} {[%emt 00:01:43]}
24. Qxh6+ {[%clk 00:38:09]} {[%emt 00:00:05]} Kg8 {[%clk 00:17:45]} {[%emt
00:00:13]} 25. Rxf6 {[%clk 00:38:28]} {[%emt 00:00:11]} Qxf6 {[%clk 00:10:46]}
{[%emt 00:07:29]} 26. Qxf6 {[%clk 00:38:51]} {[%emt 00:00:07]} 1-0

[Event "ODJM B 2023"]
[Site "Willingen GER"]
[Date "2023.05.29"]
[Round "3"]
[White "Kraus, Johanna"]
[Black "Holzwarth, Felix"]
[Result "0-1"]
[Termination "normal"]
[Board "36"]
[WhiteElo "1408"]
[BlackElo "1591"]
[WhiteClock "00:33:09"]
[BlackClock "00:53:15"]
[PlyCount "60"]
[WhiteFideId "34653872"]
[BlackFideId "34621377"]
[EventCountry "GER"]
[EventRounds "9"]
[EventType "swiss"]
[EventDate "2023.05.27"]

1. d4 {[%clk 01:30:59]} d5 {[%clk 01:30:17]} {[%emt 00:00:43]} 2. c4 {[%clk
01:31:24]} {[%emt 00:00:05]} e6 {[%clk 01:30:43]} {[%emt 00:00:04]} 3. a3
{[%clk 01:31:27]} {[%emt 00:00:27]} Nf6 {[%clk 01:28:57]} {[%emt 00:02:16]} 4.
Nc3 {[%clk 01:31:46]} {[%emt 00:00:11]} Be7 {[%clk 01:29:23]} {[%emt 00:00:04]}
5. Bf4 {[%clk 01:31:54]} {[%emt 00:00:22]} O-O {[%clk 01:29:39]} {[%emt
00:00:14]} 6. Nf3 {[%clk 01:31:57]} {[%emt 00:00:27]} a6 {[%clk 01:25:58]}
{[%emt 00:04:11]} 7. Qc2 {[%clk 01:32:10]} {[%emt 00:00:17]} dxc4 {[%clk
01:14:39]} {[%emt 00:11:49]} 8. e4 {[%clk 01:27:40]} {[%emt 00:05:00]} c5
{[%clk 01:13:30]} {[%emt 00:01:38]} 9. Rd1 {[%clk 01:22:54]} {[%emt 00:05:17]}
Qa5 {[%clk 01:09:35]} {[%emt 00:04:25]} 10. Ne5 {[%clk 01:11:43]} {[%emt
00:11:41]} b5 {[%clk 01:08:51]} {[%emt 00:01:14]} 11. Be2 {[%clk 01:10:53]}
{[%emt 00:01:21]} Bb7 {[%clk 01:08:42]} {[%emt 00:00:38]} 12. O-O {[%clk
01:08:00]} {[%emt 00:03:24]} cxd4 {[%clk 01:06:08]} {[%emt 00:03:04]} 13. Rxd4
{[%clk 01:06:16]} {[%emt 00:02:13]} Nc6 {[%clk 01:03:49]} {[%emt 00:02:48]} 14.
Nxc6 {[%clk 01:03:34]} {[%emt 00:03:13]} Bxc6 {[%clk 01:04:16]} {[%emt
00:00:01]} 15. Bd2 {[%clk 01:03:42]} {[%emt 00:00:24]} Qb6 {[%clk 01:04:11]}
{[%emt 00:00:34]} 16. Be3 {[%clk 01:02:09]} {[%emt 00:02:05]} Bc5 {[%clk
01:03:51]} {[%emt 00:00:49]} 17. Rd6 {[%clk 01:01:19]} {[%emt 00:01:19]} Bxe3
{[%clk 01:04:13]} {[%emt 00:00:08]} 18. Rxc6 {[%clk 00:54:53]} {[%emt
00:06:57]} Bxf2+ {[%clk 01:04:23]} {[%emt 00:00:20]} 19. Rxf2 {[%clk 00:55:10]}
{[%emt 00:00:12]} Qxc6 {[%clk 01:04:47]} {[%emt 00:00:08]} 20. e5 {[%clk
00:54:47]} {[%emt 00:00:52]} Nd5 {[%clk 01:04:25]} {[%emt 00:00:52]} 21. Bf3
{[%clk 00:53:54]} {[%emt 00:01:23]} Rad8 {[%clk 01:04:21]} {[%emt 00:00:35]}
22. Ne4 {[%clk 00:50:39]} {[%emt 00:03:44]} Qb6 {[%clk 01:02:42]} {[%emt
00:02:08]} 23. Kh1 {[%clk 00:47:22]} {[%emt 00:03:48]} Ne3 {[%clk 01:01:49]}
{[%emt 00:01:23]} 24. Qc1 {[%clk 00:46:26]} {[%emt 00:01:26]} Rd7 {[%clk
00:58:02]} {[%emt 00:04:17]} 25. Qe1 {[%clk 00:41:23]} {[%emt 00:05:33]} Rfd8
{[%clk 00:55:54]} {[%emt 00:02:38]} 26. Nd6 {[%clk 00:39:32]} {[%emt 00:02:21]}
Nf5 {[%clk 00:53:13]} {[%emt 00:03:11]} 27. Nxf5 {[%clk 00:39:10]} {[%emt
00:00:53]} exf5 {[%clk 00:53:42]} {[%emt 00:00:01]} 28. h3 {[%clk 00:38:31]}
{[%emt 00:01:08]} h6 {[%clk 00:53:23]} {[%emt 00:00:49]} 29. Be2 {[%clk
00:37:28]} {[%emt 00:01:34]} Qe3 {[%clk 00:52:53]} {[%emt 00:00:52]} 30. Rxf5
{[%clk 00:33:09]} {[%emt 00:04:56]} Rd1 {[%clk 00:53:15]} {[%emt 00:00:08]} 0-1

[Event "ODJM B 2023"]
[Site "Willingen GER"]
[Date "2023.05.29"]
[Round "3"]
[White "Werner, Florin"]
[Black "Sperling, Max"]
[Result "1-0"]
[Termination "normal"]
[Board "37"]
[WhiteElo "1678"]
[BlackElo "1527"]
[PlyCount "82"]
[WhiteFideId "16250230"]
[BlackFideId "34660372"]
[EventCountry "GER"]
[EventRounds "9"]
[EventType "swiss"]
[EventDate "2023.05.27"]

1. e4 e6 2. d4 d5 3. Nd2 Nf6 4. e5 Nfd7 5. Bd3 c5 6. c3 Nc6 7. Ne2 Qb6 8. Nf3
cxd4 9. cxd4 f6 10. exf6 Nxf6 11. O-O Bd6 12. Re1 O-O 13. a3 Bd7 14. b4 Rae8
15. Be3 Re7 16. h3 Qd8 17. b5 Nb8 18. Ne5 Qb6 19. Nxd7 Nbxd7 20. Qb3 Qc7 21.
Rac1 Qb8 22. Bb1 h6 23. a4 e5 24. dxe5 Nxe5 25. Nc3 Nf7 26. Nxd5 Nxd5 27. Qxd5
Rd8 28. Qf5 b6 29. Ba2 Kh8 30. Bxf7 Rf8 31. Bd4 Rexf7 32. Qg6 Bf4 33. Rc6 Bd2
34. Re2 Qf4 35. Be5 Qb4 36. Bd6 Qd4 37. Bxf8 Bf4 38. Bxg7+ Qxg7 39. Re8+ Rf8
40. Qxg7+ Kxg7 41. Rxf8 Kxf8 1-0

[Event "ODJM B 2023"]
[Site "Willingen GER"]
[Date "2023.05.29"]
[Round "3"]
[White "Hensen, Malte"]
[Black "Morio, Estelle"]
[Result "0-1"]
[Termination "normal"]
[Board "38"]
[WhiteElo "1484"]
[BlackElo "1792"]
[PlyCount "33"]
[WhiteFideId "34660356"]
[BlackFideId "12951951"]
[EventCountry "GER"]
[EventRounds "9"]
[EventType "swiss"]
[EventDate "2023.05.27"]

1. d4 Nf6 2. Nf3 e6 3. e3 b6 4. b3 Bb7 5. Bb2 Be7 6. Bd3 O-O 7. Nbd2 d5 8. O-O
Nbd7 9. Rc1 c5 10. c4 cxd4 11. exd4 Rc8 12. cxd5 Nxd5 13. Ne5 Rxc1 14. Qxc1
Nxe5 15. dxe5 Nf4 16. Bxh7+ Kxh7 17. Nf3 0-1

[Event "ODJM B 2023"]
[Site "Willingen GER"]
[Date "2023.05.29"]
[Round "3"]
[White "Borgert, Alexander"]
[Black "Christen, Jan"]
[Result "0-1"]
[Termination "normal"]
[Board "40"]
[WhiteElo "1516"]
[BlackElo "1598"]
[PlyCount "70"]
[WhiteFideId "16289188"]
[BlackFideId "34643320"]
[EventCountry "GER"]
[EventRounds "9"]
[EventType "swiss"]
[EventDate "2023.05.27"]

1. d4 d5 2. c4 c6 3. Nf3 Nf6 4. Nc3 e6 5. Bg5 h6 6. Bf4 dxc4 7. e3 b5 8. Nd2
Bb7 9. Qf3 Qb6 10. Nde4 Nxe4 11. Qxe4 Nd7 12. Qc2 c5 13. dxc5 Nxc5 14. a4 a6
15. axb5 axb5 16. Rxa8+ Bxa8 17. Be5 Qa5 18. Qd2 b4 19. Nd1 Ne4 20. Qd4 b3+ 21.
Ke2 Bc5 22. Qxc4 Qd2+ 23. Kf3 Nd6+ 24. Kg3 Nxc4 25. Bxc4 Bd6 26. Bxd6 Qxd6+ 27.
f4 Qc6 28. Bf1 Qc2 29. Bb5+ Ke7 30. Rg1 Rd8 31. Nf2 Rd2 32. Rf1 Qxb2 33. Nd1
Rxg2+ 34. Kh4 Rxh2+ 35. Kg3 Qg2# 0-1

[Event "ODJM B 2023"]
[Site "Willingen GER"]
[Date "2023.05.29"]
[Round "3"]
[White "Köpnick, Amanda"]
[Black "Clauß, Annika"]
[Result "0-1"]
[Termination "normal"]
[Board "41"]
[WhiteElo "1271"]
[BlackElo "1466"]
[PlyCount "152"]
[WhiteFideId "34618538"]
[BlackFideId "16261380"]
[EventCountry "GER"]
[EventRounds "9"]
[EventType "swiss"]
[EventDate "2023.05.27"]

1. e4 c5 2. Nf3 d6 3. d4 cxd4 4. Nxd4 Nf6 5. Nc3 g6 6. Be3 Bg7 7. Qd2 Nc6 8. f3
Bd7 9. g4 Ne5 10. Be2 Qc8 11. O-O-O Nc4 12. Bxc4 Qxc4 13. Kb1 Rc8 14. Rhg1 b5
15. Qd3 a6 16. Qxc4 Rxc4 17. Nb3 O-O 18. Na5 Rcc8 19. Bd4 b4 20. Bxf6 Bxf6 21.
Nd5 Kg7 22. g5 Be5 23. f4 Rc5 24. Nb3 Rxd5 25. Rxd5 Bxf4 26. h4 Be5 27. Nd2 Bc6
28. Rd3 Bb5 29. Rh3 Bf4 30. Nb3 Bc6 31. Re1 Bd7 32. Rf3 Be5 33. Rg1 Rc8 34.
Rgf1 Be6 35. Nd2 Ra8 36. b3 a5 37. R1f2 Bd4 38. Rf1 Rc8 39. Rd3 Bc3 40. Nf3 Bg4
41. Rf2 Rc5 42. Rd5 Rxd5 43. exd5 Bf5 44. Re2 Bg4 45. Re3 Kf8 46. Ne1 Bxe1 47.
Rxe1 Bf3 48. Kb2 Bxd5 49. c3 bxc3+ 50. Kxc3 Be6 51. Re4 Bd7 52. Rc4 f5 53. gxf6
exf6 54. Rd4 Ke7 55. Re4+ Be6 56. a3 f5 57. Rf4 h6 58. b4 g5 59. hxg5 hxg5 60.
Rf1 axb4+ 61. axb4 f4 62. Kd4 Bh3 63. Rf2 Bc8 64. Ke4 Ke6 65. b5 Bb7+ 66. Kd3
f3 67. Ke3 Ke5 68. b6 g4 69. Rf1 d5 70. Rg1 d4+ 71. Kf2 Kf4 72. Rd1 g3+ 73. Kf1
Ba6+ 74. Kg1 f2+ 75. Kg2 Bb7+ 76. Kf1 Ke3 0-1

[Event "ODJM B 2023"]
[Site "Willingen GER"]
[Date "2023.05.29"]
[Round "3"]
[White "Claussen, Alexander"]
[Black "Ginschel, Leonhard"]
[Result "1-0"]
[Termination "normal"]
[Board "42"]
[WhiteElo "1430"]
[BlackElo "1376"]
[PlyCount "75"]
[WhiteFideId "16248910"]
[BlackFideId "16290917"]
[EventCountry "GER"]
[EventRounds "9"]
[EventType "swiss"]
[EventDate "2023.05.27"]

1. b3 d5 2. e3 Nf6 3. Bb2 e6 4. f4 Be7 5. Nf3 O-O 6. Be2 c5 7. O-O b6 8. h3 Bb7
9. d3 Nc6 10. Nbd2 Rc8 11. Qe1 d4 12. e4 b5 13. a3 a6 14. Kh1 Qc7 15. Nh2 Nd7
16. g4 f5 17. gxf5 exf5 18. Qg3 Nd8 19. Bf3 fxe4 20. Bxe4 Ne6 21. Bxb7 Qxb7+
22. Ne4 Bd6 23. Bc1 Bb8 24. Bd2 Nf6 25. Rae1 Nh5 26. Qg4 Nhxf4 27. Bxf4 Nxf4
28. Rf2 Ng6 29. Qe6+ Kh8 30. Ref1 Rce8 31. Rxf8+ Rxf8 32. Rxf8+ Nxf8 33. Qe8
Kg8 34. Nf3 Qc7 35. Neg5 Qf4 36. Kg2 Qg3+ 37. Kf1 h6 38. Qf7+ 1-0

[Event "ODJM B 2023"]
[Site "Willingen GER"]
[Date "2023.05.29"]
[Round "3"]
[White "Laux, Filip"]
[Black "Neumeier, Konstantin"]
[Result "1-0"]
[Termination "normal"]
[Board "43"]
[WhiteElo "1407"]
[BlackElo "1413"]
[PlyCount "79"]
[WhiteFideId "16275730"]
[BlackFideId "34608230"]
[EventCountry "GER"]
[EventRounds "9"]
[EventType "swiss"]
[EventDate "2023.05.27"]

1. e4 e5 2. Nf3 Nc6 3. Bc4 Nf6 4. d3 Bc5 5. c3 d6 6. Nbd2 O-O 7. O-O Bg4 8. h3
Bh5 9. Re1 a6 10. Nf1 h6 11. Ng3 Bg6 12. Be3 Bb6 13. Bxb6 cxb6 14. Nh4 Kh7 15.
Ngf5 d5 16. Bb3 d4 17. Qf3 Nh5 18. g3 Bxf5 19. Nxf5 g6 20. Nh4 Nf4 21. Kh2 dxc3
22. bxc3 g5 23. Nf5 Qxd3 24. Qg4 Ne6 25. Qh5 Qd7 26. Rad1 Qc7 27. Qxh6+ Kg8 28.
Bxe6 fxe6 29. Qxe6+ Kh8 30. Rd7 Qxd7 31. Qxd7 Rxf5 32. exf5 Rd8 33. Qxb7 Rd2
34. Qxc6 Rxf2+ 35. Kg1 Rc2 36. Qe8+ Kg7 37. Qg6+ Kf8 38. f6 Rxc3 39. Qg7+ Ke8
40. Qe7# 1-0

[Event "ODJM B 2023"]
[Site "Willingen GER"]
[Date "2023.05.29"]
[Round "3"]
[White "Roth, Jonas"]
[Black "Sensoy, Emir"]
[Result "0-1"]
[Termination "normal"]
[Board "44"]
[WhiteElo "1529"]
[BlackElo "1418"]
[PlyCount "82"]
[WhiteFideId "34623515"]
[BlackFideId "34607390"]
[EventCountry "GER"]
[EventRounds "9"]
[EventType "swiss"]
[EventDate "2023.05.27"]

1. d4 Nf6 2. c4 e6 3. Nc3 Bb4 4. Qc2 O-O 5. Bg5 h6 6. Bh4 Be7 7. Nf3 Nc6 8. e3
d5 9. Rg1 a5 10. h3 Nb4 11. Qb1 Ne4 12. Bxe7 Qxe7 13. Nxe4 dxe4 14. Qxe4 Bd7
15. a3 f5 16. Qb1 Nc6 17. g3 e5 18. d5 Na7 19. Kd2 Rad8 20. Bg2 c6 21. Kc1 cxd5
22. cxd5 Rc8+ 23. Kd1 Ba4+ 24. b3 Nb5 25. Ke1 Nxa3 26. Qb2 Nc2+ 27. Kd1 Nxa1
28. Qxa1 Bxb3+ 29. Ke1 Qb4+ 30. Nd2 Rc2 31. Qd1 Rfc8 32. Ke2 Rxd2+ 33. Qxd2 Rc2
34. Rd1 Rxd2+ 35. Rxd2 a4 36. d6 Bc4+ 37. Kd1 Be6 38. Ke2 Qb5+ 39. Ke1 e4 40.
f3 a3 41. fxe4 a2 0-1

[Event "ODJM B 2023"]
[Site "Willingen GER"]
[Date "2023.05.29"]
[Round "3"]
[White "Bergmann, Lennart"]
[Black "Reuter, Luca Marek"]
[Result "1-0"]
[Termination "normal"]
[Board "45"]
[WhiteElo "1515"]
[BlackElo "1570"]
[PlyCount "49"]
[WhiteFideId "16270657"]
[BlackFideId "16226712"]
[EventCountry "GER"]
[EventRounds "9"]
[EventType "swiss"]
[EventDate "2023.05.27"]

1. Nf3 f5 2. d3 d6 3. Nbd2 Nf6 4. g3 g6 5. b4 Bg7 6. Bb2 O-O 7. c4 e5 8. Qc2 c6
9. Bg2 Na6 10. a3 Be6 11. Ng5 Bd7 12. c5 h6 13. Ngf3 e4 14. dxe4 fxe4 15. Nh4
Bf5 16. cxd6 Re8 17. Nxf5 gxf5 18. Nc4 b5 19. Ne3 f4 20. gxf4 Qxd6 21. Nf5 Qxf4
22. Nxg7 Kxg7 23. Qxc6 Rad8 24. O-O Rd6 25. Qxe8 1-0

[Event "ODJM B 2023"]
[Site "Willingen GER"]
[Date "2023.05.29"]
[Round "3"]
[White "Meitzner, Johan Eduard"]
[Black "Yang, Markus"]
[Result "1/2-1/2"]
[Termination "normal"]
[Board "46"]
[WhiteElo "1262"]
[BlackElo "1518"]
[PlyCount "57"]
[WhiteFideId "34623612"]
[BlackFideId "16206550"]
[EventCountry "GER"]
[EventRounds "9"]
[EventType "swiss"]
[EventDate "2023.05.27"]

1. d4 e6 2. Bf4 Nf6 3. Nc3 Bb4 4. Qd3 Nc6 5. O-O-O Bxc3 6. Qxc3 Nd5 7. Qg3 Nxf4
8. Qxf4 d6 9. Nf3 Qe7 10. Qg3 g6 11. e4 Bd7 12. d5 exd5 13. exd5 Ne5 14. Nxe5
dxe5 15. Re1 f6 16. Bd3 O-O-O 17. f4 exf4 18. Qxf4 Qc5 19. Be4 f5 20. Bf3 Bb5
21. Re3 Qc4 22. Qxc4 Bxc4 23. Re5 Rhe8 24. Rhe1 Rxe5 25. Rxe5 Kd7 26. b3 Ba6
27. Kd2 b5 28. b4 Bb7 29. Kc3 1/2-1/2

[Event "ODJM B 2023"]
[Site "Willingen GER"]
[Date "2023.05.29"]
[Round "3"]
[White "Frydel, Marcel"]
[Black "Farokhi, Darian"]
[Result "1/2-1/2"]
[Termination "normal"]
[Board "47"]
[WhiteElo "1346"]
[BlackElo "1455"]
[PlyCount "74"]
[WhiteFideId "16245733"]
[BlackFideId "16253108"]
[EventCountry "GER"]
[EventRounds "9"]
[EventType "swiss"]
[EventDate "2023.05.27"]

1. d4 Nf6 2. c4 g6 3. Nc3 Bg7 4. e4 d6 5. Be2 O-O 6. Nf3 e5 7. O-O Nc6 8. dxe5
dxe5 9. h3 b6 10. b3 Nd4 11. Bg5 h6 12. Bh4 Nxf3+ 13. Bxf3 g5 14. Bg3 Nd7 15.
Qc2 c6 16. Rad1 Qe7 17. Rd2 Nc5 18. Rfd1 Ne6 19. Ne2 Rd8 20. Rxd8+ Nxd8 21. Qd2
Ne6 22. Qd6 Qxd6 23. Rxd6 Bb7 24. Rd7 Nc5 25. Rd2 Kf8 26. Bh2 Ne6 27. Ng3 Nd4
28. Bg4 Rd8 29. Kf1 Rd6 30. Ke1 Ke7 31. Nf5+ Nxf5 32. Bxf5 Rd4 33. f3 f6 34.
Bg1 Rxd2 35. Kxd2 Bf8 36. c5 b5 37. b4 a6 1/2-1/2

[Event "ODJM B 2023"]
[Site "Willingen GER"]
[Date "2023.05.29"]
[Round "3"]
[White "Stelter, Finja"]
[Black "Rose, Simeon"]
[Result "0-1"]
[Termination "normal"]
[Board "48"]
[WhiteElo "1322"]
[BlackElo "1416"]
[PlyCount "88"]
[WhiteFideId "16298624"]
[BlackFideId "34625062"]
[EventCountry "GER"]
[EventRounds "9"]
[EventType "swiss"]
[EventDate "2023.05.27"]

1. e4 e6 2. d4 d5 3. exd5 exd5 4. Nf3 Bd6 5. Nc3 c6 6. Bd3 Nf6 7. Bg5 h6 8. Bh4
O-O 9. O-O Bg4 10. Be2 Nbd7 11. Re1 Qc7 12. Ne5 Bf5 13. Nxd7 Nxd7 14. Bg3 Bxg3
15. fxg3 Qb6 16. Na4 Qa5 17. c3 b5 18. Nc5 Nxc5 19. dxc5 b4 20. cxb4 Qxb4 21.
Qc1 Rab8 22. b3 Rfe8 23. h3 Re6 24. Qf4 Be4 25. Rf1 Qxc5+ 26. Kh2 Rf8 27. Rfc1
Qd6 28. Qf2 Qc7 29. Bf3 Rf6 30. Qe3 Bxf3 31. gxf3 Rg6 32. f4 Re6 33. Qd3 Qb6
34. Rf1 Rfe8 35. Rf3 Re2+ 36. Kh1 R2e3 37. Rxe3 Rxe3 38. Qf5 Rxg3 39. Qc8+ Kh7
40. Qf5+ Rg6 41. Qc2 Qe3 42. Rf1 Qxh3+ 43. Qh2 Qxf1+ 44. Qg1 Qxg1# 0-1

[Event "ODJM B 2023"]
[Site "Willingen GER"]
[Date "2023.05.29"]
[Round "3"]
[White "Schirmer, Sara"]
[Black "Menne, Lukas"]
[Result "1-0"]
[Termination "normal"]
[Board "49"]
[WhiteElo "1406"]
[BlackElo "1273"]
[PlyCount "111"]
[WhiteFideId "16297580"]
[BlackFideId "16288467"]
[EventCountry "GER"]
[EventRounds "9"]
[EventType "swiss"]
[EventDate "2023.05.27"]

1. e4 d5 2. exd5 Qxd5 3. Nc3 Qd6 4. Nf3 Bf5 5. d4 Nf6 6. Bc4 e6 7. Ne5 c6 8.
Bg5 Be7 9. Qd2 Nd5 10. Bxe7 Qxe7 11. a3 Nd7 12. O-O-O N7b6 13. Bxd5 cxd5 14. g4
Bg6 15. h4 Nc4 16. Nxc4 dxc4 17. h5 Bxc2 18. Qxc2 Qg5+ 19. Kb1 Qxg4 20. Qa4+
Ke7 21. Qxc4 Rhc8 22. Qe2 Qf5+ 23. Ka1 Kf8 24. Rhe1 a6 25. Ne4 Qd5 26. Nc3 Qb3
27. Rd3 Qb6 28. d5 exd5 29. Qe7+ Kg8 30. Rde3 h6 31. Rf3 Rf8 32. Rg1 Qe6 33.
Qh4 Kh8 34. Qd4 f6 35. Rfg3 Rf7 36. Qxd5 Qxd5 37. Nxd5 Rd8 38. Rd3 Re8 39. Ne3
Re5 40. Rd5 Kh7 41. Rgd1 Rfe7 42. Rxe5 Rxe5 43. Rd5 Rxd5 44. Nxd5 Kg8 45. Kb1
Kf7 46. Nf4 f5 47. Kc2 Kf6 48. Nh3 f4 49. f3 g6 50. hxg6 Kxg6 51. Nxf4+ Kg5 52.
Ng2 h5 53. b4 Kf5 54. Kc3 b5 55. Kd4 Ke6 56. Kc5 1-0

[Event "ODJM B 2023"]
[Site "Willingen GER"]
[Date "2023.05.29"]
[Round "3"]
[White "Reger, Christoph"]
[Black "Moldovan, Tudor"]
[Result "1-0"]
[Termination "normal"]
[Board "50"]
[WhiteElo "1129"]
[BlackElo "1380"]
[PlyCount "57"]
[WhiteFideId "16287606"]
[BlackFideId "16288203"]
[EventCountry "GER"]
[EventRounds "9"]
[EventType "swiss"]
[EventDate "2023.05.27"]

1. d4 Nf6 2. Bf4 g6 3. Nc3 Bg7 4. e4 d6 5. Qd2 Nfd7 6. O-O-O Nc6 7. Nge2 e5 8.
Bh6 O-O 9. h4 Nf6 10. f3 exd4 11. Nd5 Nxd5 12. exd5 Ne7 13. Bxg7 Kxg7 14. Qxd4+
f6 15. g4 Bd7 16. Nf4 a5 17. Re1 Rb8 18. Bd3 b5 19. Ne6+ Bxe6 20. Rxe6 Ng8 21.
g5 Re8 22. Rhe1 Qd7 23. gxf6+ Kf7 24. h5 Kf8 25. hxg6 Rxe6 26. g7+ Ke8 27. dxe6
Qc6 28. Qh4 Qxf3 29. f7+ 1-0

[Event "ODJM B 2023"]
[Site "Willingen GER"]
[Date "2023.05.29"]
[Round "3"]
[White "Prokscha, Charlotte"]
[Black "Direk, Oguzhan"]
[Result "0-1"]
[Termination "normal"]
[Board "51"]
[WhiteElo "1367"]
[BlackElo "1553"]
[PlyCount "60"]
[WhiteFideId "34614699"]
[BlackFideId "16294343"]
[EventCountry "GER"]
[EventRounds "9"]
[EventType "swiss"]
[EventDate "2023.05.27"]

1. d4 d5 2. c4 e6 3. Bf4 c6 4. e3 Bd6 5. Bg3 f5 6. Nf3 Bxg3 7. hxg3 Nf6 8. Nc3
O-O 9. Bd3 Nbd7 10. cxd5 Nxd5 11. Qb3 Qb6 12. Nxd5 exd5 13. Qc2 Qb4+ 14. Ke2
Nf6 15. b3 Ne4 16. Rac1 a5 17. Ne5 a4 18. Rh4 axb3 19. axb3 Ra3 20. Bxe4 fxe4
21. Rch1 Qb5+ 22. Nc4 dxc4 23. bxc4 Qa5 24. Rb1 Ra2 25. Rb2 Rxb2 26. Qxb2 Be6
27. c5 Bc4+ 28. Kd1 Rxf2 29. Qxf2 Qa1+ 30. Kd2 Qb2+ 0-1

[Event "ODJM B 2023"]
[Site "Willingen GER"]
[Date "2023.05.29"]
[Round "3"]
[White "Junge, Julia"]
[Black "Brandt, Greta"]
[Result "1-0"]
[Termination "normal"]
[Board "52"]
[WhiteElo "1367"]
[BlackElo "1444"]
[PlyCount "59"]
[WhiteFideId "16293908"]
[BlackFideId "34605860"]
[EventCountry "GER"]
[EventRounds "9"]
[EventType "swiss"]
[EventDate "2023.05.27"]

1. e4 e6 2. Nf3 d5 3. exd5 exd5 4. d4 Nc6 5. Bb5 Bd7 6. O-O Bd6 7. c3 Nge7 8.
Bg5 f6 9. Bh4 O-O 10. Nbd2 Nf5 11. Qb3 Nce7 12. Bd3 Nxh4 13. Nxh4 Qc8 14. Qc2
f5 15. f4 c6 16. c4 dxc4 17. Nxc4 Bc7 18. Rae1 Nd5 19. Ne3 Nxe3 20. Rxe3 Bb6
21. Bc4+ Rf7 22. Bxf7+ Kxf7 23. Rfe1 Kf8 24. Qc4 c5 25. Re7 Be6 26. R1xe6 cxd4
27. Rf6+ Kxe7 28. Qf7+ Kd8 29. Rd6+ Qd7 30. Qxd7# 1-0